000 00335nam a2200133Ia 4500
005 20260328104302.0
008 260328s9999||||xx |||||||||||||| ||und||
100 _aPescarin, Sofia
245 0 _aRome :
_b A Guide to the Eternal City /
_cSofia Pescarin
260 _bBarnes & Noble
300 _a167 p.
650 _aROMA
942 _cBK
999 _c10627
_d10627